000 00669cam a2200241 4500500
005 20260405001855.0
041 _afre
042 _adc
100 1 0 _aLegros, Martin
_eauthor
245 0 0 _aMatière à penser / novembre 2014
260 _c2014.
500 _a41
690 _aAbdennour Bidar
690 _aArme
690 _aArmées
690 _aEther
690 _aEthereum
690 _aGoogle earth
690 _aGPS
690 _aRuth Bader Ginsburg
786 0 _nPhilosophie magazine | 84 | 11 | 2014-11-01 | p. 3-3 | 1951-1787
856 4 1 _uhttps://shs.cairn.info/magazine-philosophie-magazine-2014-11-page-3?lang=fr&redirect-ssocas=7080
999 _c2051898
_d2051898